00673nam a22002057a 450000500170000001000150001702000260003203500140005803700090007208200060008110000310008724500560011825000060017426000330018027000410021330000200025494200200027499900190029495201540031320260603144718.0 aENG-148722 a9781482859232c350.00 aEN-132254 bDBAD aS aRao, C.N. Nageshwar989286 aTelling Tales for Rising Stars/cC.N. Nageshwar Rao a1 c2015aIndiabPartridge India bIndiamindia@partridgepublishing.com a149p.c21cm(pb) 2ddccENhSmRAO c216478d216478 001040718FICaDBADbDBADd2026-06-03eDelivery of Books Act Divisiong350.00l0oS RAOpEN-132254r2026-06-03 14:48:05t 1v350.00w2026-06-03yEN